| 000 | 00870cab a2200229 4500 | ||
|---|---|---|---|
| 001 | ABS46510 | ||
| 008 | 090401t1992 xxu||||| |||| 00| 0 eng d | ||
| 035 | _a(Sirsi) u58606 | ||
| 041 | _aeng | ||
| 100 | _aCaldwell-Shaw, M. | ||
| 245 | _aValue management - a gateway to a more competitive construction industry | ||
| 260 | _c1992 | ||
| 350 | _a0 | ||
| 490 |
_aBuilding Economist _v31(1) June 1992, 7-11(5) |
||
| 520 | _aProvides a general overview of value management and how it fits into thee construction industry to provide the client with the best value for money. It also addresses the relationship between quantity surveying and value management and the importance of team work. | ||
| 650 | _aVALUE ENGINEERING | ||
| 650 | _aVALUE MANAGEMENT | ||
| 690 | _aBUILT ENVIRONMENT-BUILDING COSTS | ||
| 700 | _aChan, A. | ||
| 942 | _n0 | ||
| 948 | _c04/03/1997 | ||
| 999 |
_c35816 _d35816 |
||